[Event "TP 40 Züge 2 Stunden"]
[Site "?"]
[Date "2009.??.??"]
[Round "?"]
[White "Lyon 68020, Mephisto"]
[Black "Milano, Mephisto"]
[Result "1-0"]
[WhiteElo "2169"]
[BlackElo "2023"]
[Annotator "Thomas Jaeger"]
[PlyCount "137"]
[EventDate "2009.??.??"]

1. d4 Nf6 2. c4 e6 3. Nc3 Bb4 4. e3 O-O 5. Bd3 d5 {letzter Buchzug} 6. cxd5
exd5 7. Nge2 {letzter Buchzug} Bg4 8. a3 Bxc3+ 9. bxc3 Ne4 10. Qb3 (10. f3 Bxf3
11. gxf3) 10... b6 11. Nf4 c6 12. c4 dxc4 13. Qxc4 Re8 14. O-O Bf5 15. Qc2 Qd7
16. Bb2 {f3 ist viel besser} Nd6 17. Rfc1 a6 18. Qb3 Ra7 19. Bxf5 Nxf5 20. Nd3
Qd8 21. Ne5 Re6 22. a4 Rae7 23. Nf3 Re8 24. Rab1 Nd6 25. Ba3 Nc8 26. Ne5 b5 27.
h3 Nb6 28. axb5 axb5 29. Qc2 f6 30. Nf3 {Sd3!} Nc4 31. Ra1 Na6 32. Nd2 Nxa3 33.
Rxa3 Nb4 34. Qb1 Nd5 35. Ra6 Qd7 36. Nb3 Qc8 37. Ra5 Qd8 38. Ra1 Nb6 {?} 39.
Ra6 Qc7 40. Na5 R8e7 {Rest in 60 min} 41. Qb3 Kh8 {?} 42. d5 Rd6 43. Rxc6 Rxc6
44. Nxc6 Re8 45. Qxb5 Nc8 46. Ra8 Nd6 47. Rxe8+ Nxe8 48. Qb4 Nd6 49. Nd4 h6 50.
Ne6 Qe7 51. Qb8+ Ne8 52. h4 {Sc7!} Kh7 53. h5 f5 54. Qf4 Qf6 55. f3 Kg8 56. Qb8
Qf7 57. g4 (57. Nc7 Qxc7 58. Qxe8+ Kh7 59. Qe6 f4 60. Qe4+ Kg8 61. Qxf4) 57...
fxg4 58. fxg4 Kh7 59. e4 g6 (59... Qf3 60. Qf4 Qd1+ 61. Kf2 Nf6 62. Qf3 Nxg4+
63. Kg3 Qg1+ 64. Qg2 Qxg2+ 65. Kxg2 Nf6) 60. hxg6+ Kxg6 61. e5 Kh7 62. g5 h5
63. Qb1+ Kg8 64. Kg2 Kh8 65. g6 Qd7 66. Qb4 Qxd5+ 67. Kf2 {Lyon sieht matt}
Qa2+ 68. Kg3 Qb3+ 69. Qxb3 1-0

[Event "TP 40 Züge 2 Stunden"]
[Site "?"]
[Date "2009.??.??"]
[Round "?"]
[White "Milano, Mephisto"]
[Black "Magellan, Mephisto"]
[Result "1-0"]
[WhiteElo "2023"]
[BlackElo "2195"]
[Annotator "Thomas Jaeger"]
[PlyCount "75"]
[EventDate "2009.??.??"]

1. d4 Nf6 2. c4 e6 3. Nf3 b6 4. g3 Ba6 5. b3 d5 6. Bg2 {letzter Buchzug} Bb4+
7. Bd2 Bxd2+ 8. Nbxd2 O-O {letzter Buchzug} 9. Rc1 Nbd7 10. b4 dxc4 11. Nxc4
Bxc4 12. Rxc4 a5 13. b5 Rc8 14. O-O Ne4 15. Qd3 Nd6 16. Rc2 Qe7 17. Rfc1 e5 18.
Nxe5 Nxe5 19. dxe5 Qxe5 20. a4 Qe7 21. Rc6 Nb7 22. Bh3 Nc5 {? Tcd8!} 23. R6xc5
{?} (23. R1xc5 bxc5 24. Bxc8 Rxc8 25. b6 h6 26. Qf5 Qd8 27. Qxc5 Qd1+ 28. Kg2 {
Weiß gewinnt}) 23... bxc5 24. Bxc8 Rxc8 25. e3 c6 {?} 26. Qf5 Rd8 27. bxc6 g6
28. Qb1 Kg7 29. Qb2+ Qf6 30. Qb5 Rd2 31. Rf1 Rd6 {?! aber auch Dd6 sollte
verlieren} 32. c7 Rc6 33. Qb8 Qf5 34. Rd1 Qc2 35. Rd8 Qxa4 36. c8=Q Rxc8 37.
Qxc8 Qc4 38. Rg8+ {gewinnt leicht} 1-0

[Event "TP 40 Züge 2 Stunden"]
[Site "?"]
[Date "2009.??.??"]
[Round "?"]
[White "Magellan, Mephisto"]
[Black "Milano, Mephisto"]
[Result "1-0"]
[WhiteElo "2195"]
[BlackElo "2023"]
[Annotator "Thomas Jaeger"]
[PlyCount "129"]
[EventDate "2009.??.??"]

1. d4 Nf6 2. Nf3 d5 3. c4 e6 4. Bg5 Be7 5. cxd5 exd5 6. Nc3 c6 7. e3 Bf5 8. Qb3
Qb6 9. Qxb6 axb6 10. Nh4 Bd7 11. Bd3 h6 12. Bxf6 Bxf6 13. Nf3 b5 14. h3 Na6 15.
Kd2 O-O 16. Rac1 Rfe8 17. Rhe1 b4 18. Ne2 Nc7 19. Bb1 Nb5 20. Ng3 Nd6 21. Kc2
Ne4 22. Nxe4 dxe4 23. Nd2 Bh4 24. g3 Bd8 25. Rh1 Bc7 26. g4 f5 {Milano steht
sicherlich etwas besser} 27. gxf5 Bxf5 28. Kd1 Ra5 29. Nb3 Ra7 30. Rc4 Bd6 31.
Nd2 Raa8 32. f3 {!? interessantes Q-opfer, aber Schwarz bleibt leicht besser}
Be6 33. fxe4 Bxc4 34. Nxc4 Bc7 35. Ke2 Kf7 36. Rf1+ Ke7 37. Nd2 Rf8 38. Rc1 g5
39. Rc4 Ra4 40. e5 h5 {Rest in 60 min - jetzt steht es etwa gelich} 41. Ne4 g4
42. hxg4 hxg4 43. Nf6 Rxf6 {ok, aber danach kommt der Maggi Schritt für
Schritt in Vorteil} 44. exf6+ Kxf6 45. d5 Kg5 46. dxc6 bxc6 47. Rxc6 Be5 48.
Rc5 Kf6 49. b3 Ra7 50. Rc4 g3 51. Rxb4 Rg7 52. Rb6+ Kg5 53. Be4 Bc7 54. Rc6 Kh4
55. Rc1 Bd6 56. a4 Ra7 57. Rc6 Ba3 58. Rh6+ Kg4 59. Rg6+ Kh3 60. Bf5+ Kg2 61.
Rh6 Re7 62. Rh4 Kg1 63. Rg4 {besser Le4} Kh2 {?? Ld6!} 64. Kf1 Rh7 65. Bxh7 1-0

[Event "TP 40 Züge 2 Stunden"]
[Site "?"]
[Date "2009.??.??"]
[Round "?"]
[White "Milano, Mephisto"]
[Black "Risc 2500 2MB aktiv, Saitek"]
[Result "0-1"]
[WhiteElo "2023"]
[BlackElo "2254"]
[Annotator "Thomas Jaeger"]
[PlyCount "60"]
[EventDate "2009.??.??"]

1. e4 c6 2. d4 d5 3. Nc3 dxe4 4. Nxe4 Bf5 5. Ng3 Bg6 6. h4 h6 {letzter Buchzug!
} 7. h5 Bh7 8. Nf3 {letzter Buchzug} e6 9. Bd3 Nf6 {?! Computerzug} 10. Bxh7
Rxh7 11. Bf4 Qb6 12. b3 c5 {?! zu scharf?} 13. Qd3 cxd4 14. Be5 Qa5+ 15. Kf1
Nbd7 16. Bxd4 O-O-O 17. a3 Qc7 18. Bxa7 Bd6 {vermeidet remis} (18... b6 19.
Qa6+ Qb7 20. Qc4+ Qc7 21. Qa6+ Qb7 22. Qc4+ Qc7 23. Qa6+) 19. Bd4 {? stolpert}
Bxg3 20. fxg3 e5 21. Nxe5 {[%emt 0:00:00]} Nxe5 22. Qf5+ Qd7 23. Qxd7+ Nexd7
24. Re1 Rhh8 25. c4 Rhe8 26. Rxe8 Rxe8 27. Rh4 Ne4 28. g4 {? Tg4} Nd2+ 29. Kf2
f6 30. Rh3 Re4 {Risc gewinnt mit der Mehrfigur leicht} 0-1

[Event "TP 40 Züge 2 Stunden"]
[Site "?"]
[Date "2009.??.??"]
[Round "?"]
[White "Risc 2500 2MB aktiv, Saitek"]
[Black "Milano, Mephisto"]
[Result "1-0"]
[WhiteElo "2254"]
[BlackElo "2023"]
[Annotator "Thomas Jaeger"]
[PlyCount "79"]
[EventDate "2009.??.??"]

1. d4 d5 2. Nf3 Nf6 3. c4 c6 4. Nc3 dxc4 5. a4 Bg4 6. Ne5 Bh5 7. f3 Nfd7 8.
Nxc4 e5 9. Ne4 Bb4+ 10. Bd2 Qh4+ 11. g3 Qe7 12. dxe5 O-O 13. Rc1 {letzter
Buchzug} Na6 {letztr Buchzug} 14. f4 Bxd2+ 15. Ncxd2 Rfd8 16. Qb3 Ndc5 17. Qa3
b6 18. Nd6 {?!} Nb8 {?!} (18... Rxd6 19. exd6 Qxd6 20. Nc4 Qd5 21. Rg1 Re8 {
unklar}) 19. a5 Nb7 {?} 20. axb6 a6 21. N2c4 f6 22. Nxb7 Qxb7 23. exf6 gxf6 24.
Bg2 Bf7 25. Qc3 Kg7 26. Qb4 Rd4 27. b3 Bd5 28. Bf3 a5 29. Qc3 Bxf3 30. exf3 Qd7
31. Ke2 Rd5 32. g4 Qf7 33. Kf2 Nd7 34. b7 Re8 35. Rhd1 Rc5 36. Qd2 (36. Nd6 {
wurde lange erwogen und ist gut} Rxc3 37. Nxf7 Rxc1 38. Rxd7 Rb8 39. Nd6+ Kg8
40. Rc7) 36... Qd5 {? aber auch andere Züge verlieren} 37. b4 Qxd2+ 38. Rxd2
Rd5 39. Rxd5 cxd5 40. Nd6 1-0

[Event "TP 40 Züge 2 Stunden"]
[Site "?"]
[Date "2009.??.??"]
[Round "?"]
[White "Milano, Mephisto"]
[Black "Sapphire, Novag"]
[Result "0-1"]
[WhiteElo "2023"]
[BlackElo "2097"]
[Annotator "Thomas Jaeger"]
[PlyCount "140"]
[EventDate "2009.??.??"]

1. c4 e5 2. Nc3 Nc6 3. Nf3 Nf6 4. g3 Bb4 5. Bg2 O-O 6. O-O e4 7. Ne1 Bxc3 8.
dxc3 h6 9. Nc2 {letzter Buchzug} Re8 {letzter Buchzug} 10. Nd4 Ne5 11. Qb3 d6
12. Rd1 Qd7 13. Bf4 Kh8 14. Be3 b6 15. a4 Ba6 16. Nb5 Qc6 17. Rd4 Bc8 18. Na3 {
[%emt 0:00:00]} Bd7 19. Nc2 Be6 20. Na3 a5 21. Rad1 Bd7 22. Nb5 Bg4 23. R1d2
Be6 24. Na3 Bd7 25. h3 Rab8 26. Qc2 Qxa4 27. Qxa4 Bxa4 28. c5 Bd7 29. cxb6 (29.
cxd6 c5 30. Rxe4 Nxe4 31. Bxe4) 29... Rxb6 30. b4 axb4 31. Rxb4 Rxb4 32. cxb4
Ra8 33. Nb1 Nc4 34. Rc2 Nxe3 35. fxe3 Ra1 36. Rb2 Nd5 37. Bxe4 Nc3 38. Bc2 Nxb1
39. Rxb1 Rxb1+ 40. Bxb1 Bxh3 {Rest in 60 min} 41. Kf2 Kg8 42. Be4 Kf8 43. Kf3
Bd7 44. Bd3 Ke7 45. e4 c6 46. Ke3 h5 47. Bc4 g5 48. Kf3 Be6 49. Ba6 Kf6 50. e3
Ke5 (50... c5 51. b5 Bc4 52. Kf2 Ke5 53. Kf3 h4) 51. Bd3 Bd7 52. Kf2 Be8 53.
Bc2 h4 {?!} 54. gxh4 gxh4 55. Kg2 {?!} Bd7 (55... c5 56. bxc5 dxc5 57. Bd3 Bd7)
56. Bd3 h3+ 57. Kg3 Bc8 58. Kh2 Be6 59. Bb1 Bg4 60. Bc2 c5 61. b5 c4 62. Kg3 c3
63. b6 Bc8 64. Bd3 d5 65. Bc2 dxe4 66. Kh2 Kd5 67. b7 {verliert schnell} Bxb7
68. Kxh3 Ba6 69. Bb3+ Ke5 70. Kg4 Bd3 0-1

[Event "TP 40 Züge 2 Stunden"]
[Site "?"]
[Date "2009.??.??"]
[Round "?"]
[White "Sapphire, Novag"]
[Black "Milano, Mephisto"]
[Result "1-0"]
[WhiteElo "2097"]
[BlackElo "2023"]
[Annotator "Thomas Jaeger"]
[PlyCount "57"]
[EventDate "2009.??.??"]

1. d4 d5 2. c4 e6 3. Nc3 Be7 4. Nf3 Nf6 5. Bg5 O-O 6. e3 h6 7. Bh4 b6 8. cxd5
Nxd5 9. Bxe7 Qxe7 10. Nxd5 exd5 11. Rc1 Be6 12. Bd3 c5 13. dxc5 bxc5 14. O-O
Nd7 15. e4 dxe4 16. Bxe4 Rab8 {letzter Buchzug -lange Variante} 17. b3 {
letzter Buchzug} f5 {?!} 18. Bd5 Rfd8 {? noch ein Fehler} 19. Re1 Nf8 20. Re5
f4 21. Qe2 Rb6 22. Re1 Re8 23. Qe4 Qf7 24. Bc4 g6 25. Rxc5 Qe7 26. Re5 Qf6 27.
Nd4 Kf7 28. h3 h5 29. h4 {Sapphire machte es noch etwas kompliziert, gewann
dan aber leicht. Notattion war falsch} 1-0

[Event "TP 40 Züge 2 Stunden"]
[Site "?"]
[Date "2009.??.??"]
[Round "?"]
[White "Milano, Mephisto"]
[Black "R30 V2.2 aktiv, TASC."]
[Result "1/2-1/2"]
[WhiteElo "2023"]
[BlackElo "2347"]
[Annotator "Thomas Jaeger"]
[PlyCount "124"]
[EventDate "2009.??.??"]

1. d4 Nf6 2. c4 e5 3. dxe5 Ng4 4. Bf4 Nc6 5. Nf3 Bb4+ 6. Nbd2 Qe7 7. a3 Ngxe5
8. Nxe5 Nxe5 9. e3 Bxd2+ 10. Qxd2 d6 11. Be2 O-O 12. O-O {letzter Buchzug} b6 {
letzter Buchzug} 13. Rfd1 Bb7 14. Bg3 f5 15. b4 Rad8 16. Rac1 Ng6 {R30 -0,55}
17. a4 Qf6 18. h3 f4 19. exf4 Nxf4 20. Qxf4 Qxf4 21. Bxf4 Rxf4 22. g3 Rf7 23.
f4 Re8 24. Kf2 Rfe7 25. Bh5 {?! jetzt kommt der R30 etwas in Vorteil} g6 26.
Bf3 Bxf3 27. Kxf3 Re2 {besser Te3} 28. Kg4 (28. Rd3 {ist besser} Rb2 29. c5
Rxb4 30. cxd6 cxd6 31. Rc7 Rxa4 32. Rxd6 Ra3+ 33. Kg4 b5 34. Rdd7 {z.B.}) 28...
R8e3 {[%emt 0:00:00]} 29. Rg1 Ra3 30. Ra1 {?!} Rc3 31. Rgc1 Rb3 32. Rcb1 Rxb1
33. Rxb1 Rc2 34. c5 bxc5 35. bxc5 Rxc5 36. Rb7 a5 37. Kf3 Rc4 {? nicht gut} 38.
Ra7 Rxa4 39. Rxc7 Ra3+ 40. Kg4 h6 {Rest in 60 min} 41. Rc6 {Milano hat wieder
ausgeglichen} h5+ 42. Kh4 Rd3 43. Ra6 Rd5 44. Ra7 Kf8 45. Rd7 Rd3 46. Ra7 Ra3
47. Rd7 a4 48. Rxd6 {Milano 0,00} Kf7 {R30 +0, 22 für sich} 49. Ra6 Kg7 50. g4
Kf7 51. gxh5 gxh5 52. Kg5 Ke7 53. h4 Rg3+ 54. Kxh5 a3 55. f5 Kf7 56. Kh6 Ke7
57. Kh7 Kf7 58. h5 Rg7+ 59. Kh6 Rg3 60. f6 Rb3 61. Kg5 Rb5+ 62. Kh4 Rb4+
1/2-1/2

[Event "TP 40 Züge 2 Stunden"]
[Site "?"]
[Date "2009.??.??"]
[Round "?"]
[White "R30 V2.2 aktiv, TASC."]
[Black "Milano, Mephisto"]
[Result "1-0"]
[WhiteElo "2347"]
[BlackElo "2023"]
[Annotator "Thomas Jaeger"]
[PlyCount "39"]
[EventDate "2009.??.??"]

1. Nf3 d5 2. c4 c6 {letzter Buchzug} 3. e3 {letzter Buchzug} Bf5 4. Nc3 e6 5.
d3 Bb4 6. Qb3 Na6 7. a3 Bxc3+ 8. Qxc3 Nf6 9. h3 dxc4 10. e4 Bg6 11. Qxc4 O-O
12. Bf4 Qb6 13. Qc3 Nc7 14. Be3 Qa6 15. Ne5 Nb5 {Milano steht schon schlecht}
16. Qb4 Rad8 17. a4 Bh5 18. d4 Nxe4 19. Rc1 Ned6 20. g4 {R30 gewinnt leicht}
1-0

[Event "TP 40 Züge 2 Stunden"]
[Site "?"]
[Date "2009.??.??"]
[Round "?"]
[White "MM V 10 MHz, Mephisto"]
[Black "R30 V2.2 aktiv, TASC."]
[Result "0-1"]
[WhiteElo "2060"]
[BlackElo "2347"]
[Annotator "Thomas Jaeger"]
[PlyCount "126"]
[EventDate "2009.??.??"]

1. d4 d5 2. c4 c6 3. cxd5 cxd5 4. Nf3 Nf6 5. Nc3 Nc6 6. Bf4 Bf5 7. e3 e6 8. Bb5
Nd7 9. Qa4 Qb6 10. Nh4 {letzter Buchzug} Bd3 {letzter Buchzug} 11. Nxd5 {!?
kompliziert} Bb4+ 12. Nxb4 (12. Kd1 Bxb5 13. Nxb6 Bxa4+ 14. Nxa4 e5 {sieht
auch interessant aus}) 12... Bxb5 13. Qa3 Nxb4 14. Qxb4 Rc8 15. a4 Ba6 16. Qxb6
Nxb6 17. Kd1 Nd5 18. Bg3 Ke7 19. Nf3 Nb4 20. Ne1 f6 21. h4 e5 22. Rc1 Rxc1+ 23.
Kxc1 exd4 24. exd4 Rd8 25. Nf3 Be2 26. Kd2 Bxf3 27. Re1+ Kf7 28. gxf3 Nc6 29.
Kc3 Nxd4 30. Re3 Ne6 31. Re4 g5 32. Rb4 Rc8+ 33. Kd2 Nc5 34. a5 h5 35. Ke3 Re8+
36. Kd4 Ne6+ 37. Kc3 Rc8+ 38. Kd2 Rd8+ 39. Ke3 Rd7 40. Rc4 Ng7 {Rest in 60 min}
41. Ke2 Nf5 42. Kf1 Kg6 43. b4 Rd1+ 44. Kg2 gxh4 45. Bxh4 b5 46. axb6 axb6 47.
Bg3 b5 48. Rc5 h4 49. Bc7 Rd7 50. Kh3 Nd4 51. Ba5 Nxf3 52. Rxb5 Rd4 53. Rb8 {
besser Lb6 mit guten Chancen zum remis} Ng5+ 54. Kg2 h3+ 55. Kg3 {?} Rh4 56.
Kh2 Nf3+ {R 30 gibt matt in 10 Zügen} 57. Kh1 Rc4 58. Rg8+ Kf5 59. Rg1 h2 60.
Rd1 Rg4 61. Rd5+ Kg6 62. Rg5+ Rxg5 63. Bb6 Rg1# 0-1

[Event "TP 40 Züge 2 Stunden"]
[Site "?"]
[Date "2009.??.??"]
[Round "?"]
[White "R30 V2.2 aktiv, TASC."]
[Black "MM V 10 MHz, Mephisto"]
[Result "1-0"]
[WhiteElo "2347"]
[BlackElo "2060"]
[Annotator "Thomas Jaeger"]
[PlyCount "59"]
[EventDate "2009.??.??"]

1. e4 c5 2. Nf3 d6 3. d4 cxd4 4. Nxd4 Nf6 5. Nc3 a6 6. Bg5 e6 7. f4 Be7 8. Qf3
Qc7 9. O-O-O Nbd7 10. g4 b5 11. Bxf6 Nxf6 12. g5 Nd7 13. f5 Nc5 14. f6 gxf6 15.
gxf6 Bf8 16. Rg1 b4 17. Nd5 exd5 18. exd5 Bd7 {letzter Buchzug in scharfer
Variante} 19. Rg7 {letzter Buchzug} Qa5 (19... O-O-O 20. Rxf7 Bh6+ 21. Kb1 Rdf8
22. Re7 Bg5 23. Rxd7 Nxd7 24. Ne6 Qb7 25. Nxg5 Rxf6 {lange Theorievariante ca.
gleich}) 20. Qe3+ Kd8 21. Rxf7 Qxa2 22. Bg2 Rg8 {hier stolpert der MM V} 23.
Rxf8+ (23. Ne6+ Kc8 24. Rxf8+ Rxf8 25. Nxf8 Qa1+ 26. Kd2 Qxb2 27. Nxd7 Qc3+ 28.
Qxc3 bxc3+ 29. Kxc3 Kxd7 {+-}) 23... Rxf8 24. Ne6+ Bxe6 (24... Nxe6 25. dxe6
Qxe6 26. Qb6+ Ke8 27. Rxd6 Qe1+ 28. Rd1 Qe5 29. Bxa8 Rxf6 30. Qxb4 Qf4+ 31.
Qxf4 Rxf4) 25. dxe6 Qa1+ {? verliert wohl} (25... Kc7 26. e7 Rfc8 27. Bxa8 Rxa8
28. e8=Q Rxe8 29. Qxe8 Qa1+ 30. Kd2 Qxb2 {evtl. mit Chancen auf ewig Schach})
26. Kd2 Qxb2 27. e7+ Kc7 28. Bxa8 Qc3+ {noch ein Fehler} 29. Qxc3 bxc3+ 30.
Kxc3 1-0

[Event "TP 40 Züge 2 Stunden"]
[Site "?"]
[Date "2009.??.??"]
[Round "?"]
[White "Milano, Mephisto"]
[Black "MM V 10 MHz, Mephisto"]
[Result "1/2-1/2"]
[WhiteElo "2023"]
[BlackElo "2060"]
[Annotator "Thomas Jaeger"]
[PlyCount "127"]
[EventDate "2009.??.??"]

1. e4 e6 2. d4 d5 3. Nd2 c5 4. exd5 Qxd5 5. Ngf3 cxd4 6. Bc4 Qd6 7. O-O Nf6 8.
Nb3 Nc6 9. Nbxd4 Nxd4 10. Qxd4 Qxd4 11. Nxd4 a6 {letzter Buchzug} 12. Bf4 {
letzter Buchzug - eher langweilige Variante} Bd7 13. Rad1 Rc8 14. Be2 Nd5 15.
Bg3 Be7 16. c4 Nf6 17. b3 Ne4 18. Bf4 Nc3 19. Rd2 b5 {g5 war interessant} 20.
cxb5 Nxe2+ 21. Rxe2 axb5 22. Rd1 g5 23. Bg3 h5 24. Red2 h4 25. Be5 f6 26. Ne2
Bc6 27. Bb2 b4 28. Rc2 {Sd4!} e5 29. Rdc1 Kd7 {Schwearz steht jetzt klar besser
} 30. Rd2+ Ke6 31. Rdc2 Bd7 32. h3 f5 {?! Txc2 oder Ta8 sind besser} 33. Rd2 {
?!} Rxc1+ 34. Nxc1 Bb5 {MM V + 0,65 Milano sieht es jetzt ähnlich- Fritz11
eher 1,7 für Schwarz} 35. Kh2 Bc5 (35... Rc8 {ist stark}) 36. Rc2 Bd4 {?! oder
!?} 37. a4 (37. Bxd4 exd4 {der Freibauer ist stark!}) 37... bxa3 38. Bxa3 Ra8
39. Bb4 {?} e4 40. Kh1 Kd5 {Rest in 60 min} 41. Kg1 Ra1 42. Bc3 Bxc3 43. Rxc3
f4 {[%emt 0:00:00]} 44. Rc8 Kd4 45. Kh2 e3 46. fxe3+ fxe3 47. Rc2 Rb1 48. g3
Bd3 49. Rc8 Ba6 {Tb2!} 50. Rc2 Bf1 51. gxh4 gxh4 52. Rc7 e2 {? Tb2} 53. Rc4+
Ke3 54. Nxe2 {theoretisch remis jetzt} Bxe2 55. Rxh4 Rxb3 56. Kg3 Rb8 57. Ra4
Rg8+ 58. Kh2 Rg6 59. Ra3+ Kf2 60. Ra5 Rg2+ 61. Kh1 Bf3 62. Ra2+ Kg3 63. Rxg2+
Bxg2+ 64. Kg1 1/2-1/2

[Event "TP 40 Züge 2 Stunden"]
[Site "?"]
[Date "2009.??.??"]
[Round "?"]
[White "MM V 10 MHz, Mephisto"]
[Black "Milano, Mephisto"]
[Result "1-0"]
[WhiteElo "2060"]
[BlackElo "2023"]
[Annotator "Thomas Jaeger"]
[PlyCount "134"]
[EventDate "2009.??.??"]

1. e4 e5 2. Nf3 Nf6 3. d4 Nxe4 4. Bd3 d5 5. Nxe5 Bd6 6. O-O O-O 7. c4 Bxe5 8.
dxe5 Nc6 9. cxd5 Qxd5 10. Qf3 Bf5 11. Qxf5 Qxd3 {letzter Buchzug} 12. Nc3 {
letzter Buchzug} Nc5 13. Qxd3 Nxd3 14. f4 Rad8 15. b3 Nd4 16. Rd1 Nc2 17. Rb1
a6 18. Ne4 Ndb4 19. Bb2 Nd3 20. Rd2 Ne3 21. g3 Nxb2 22. Rbxb2 a5 {? jetzt
kommt der MM V in Vorteil} 23. Nc5 b5 24. Nd7 Rfe8 25. Rd3 Kh8 26. Rbd2 Nf5 27.
Rc2 Rc8 28. Rc5 c6 29. a4 Red8 30. axb5 cxb5 31. Rxb5 Rc1+ 32. Kg2 Rc2+ 33. Kh3
Ra2 34. Nc5 Ra8 35. Rd7 Nh6 36. e6 fxe6 37. Rbb7 Rg8 38. Nxe6 Nf5 39. g4 Ne3
40. Rxg7 Rxg7 {Rest in 60 min} 41. Rxg7 Nf1 42. Kh4 Rxh2+ 43. Kg5 Nd2 44. Rc7
Ne4+ 45. Kf5 Nd6+ 46. Ke5 Rd2 47. Ng5 h6 48. Rh7+ Kg8 49. Rxh6 Ne8 50. Ra6 Re2+
51. Kf5 Re3 52. Ra8 Kf8 53. Ne6+ Ke7 54. Nc5 Ng7+ 55. Kg5 Rc3 56. Ra7+ Ke8 57.
Ne4 Ne6+ 58. Kf6 Rc7 59. Nd6+ Kd7 60. Rxc7+ Nxc7 61. Nc4 Nd5+ 62. Ke5 Nb4 63.
f5 Nc6+ 64. Kf6 Kd8 65. Kg7 Nd4 66. f6 Ne6+ 67. Kg8 Ke8 1-0

[Event "TP 40 Züge 2 Stunden"]
[Site "?"]
[Date "2009.??.??"]
[Round "?"]
[White "Atlanta, Mephisto"]
[Black "MM V 10 MHz, Mephisto"]
[Result "1/2-1/2"]
[WhiteElo "2195"]
[BlackElo "2060"]
[Annotator "Thomas Jaeger"]
[PlyCount "148"]
[EventDate "2009.??.??"]

1. c4 c5 2. Nc3 Nc6 3. g3 g6 4. Nf3 {letzter Buchzug} Bg7 5. Bg2 e6 6. O-O Nge7
{letzter Buchzug} 7. Ne4 d6 8. d3 O-O 9. Bf4 e5 10. Bd2 f5 11. Nc3 b6 12. Ng5
h6 13. Qa4 Bd7 14. Nf3 a6 15. Nh4 Nd4 16. Qd1 Bc6 17. e3 Bxg2 18. Nxg2 Ne6 19.
e4 Nd4 20. exf5 Nexf5 21. f4 Ne7 22. Qg4 Qc8 23. Qxc8 Raxc8 24. Rae1 Nc2 25.
Re2 Rcd8 26. Ne4 d5 27. cxd5 Rxd5 28. Bc3 Nd4 29. Ref2 Ndc6 30. g4 Rxd3 31.
fxe5 Rxf2 32. Nxf2 Rd8 33. e6 Nd4 34. Nf4 g5 35. Bxd4 Bxd4 36. Nh5 {Schwarz
steht klar besser} Bxb2 {?! Td6 ist wohl besser} 37. Ne4 c4 {noch ein Fehler
Tf8 - jetzt wird es spannend} 38. Rf7 {und plötzlich steht der Atlanta wohl
besser!} Rd1+ {noch ein Fehler} (38... Nd5 39. Rd7 Re8 40. Rxd5 Rxe6 41. Nhg3
Be5) 39. Kg2 (39. Kf2 Nd5 40. Rd7 Bd4+ 41. Ke2 Rd3 42. Rd8+ Kh7 43. Rxd5 Re3+
44. Kf2 Rxe4+ 45. Rxd4 Rxe6 46. Rxc4) 39... Nd5 40. Rd7 Re1 {Rest in 60 min}
41. Nxg5 {wohl auch nicht das Beste} hxg5 42. Rxd5 Rxe6 43. Rxg5+ Kh7 44. Nf4
Rd6 {MM V sieht sich leicht vorne - interessantes Endspiel} 45. Rh5+ Kg8 46.
Rd5 Rf6 (46... Rc6 47. Rd8+ Kh7 48. Rd7+ Bg7 49. Rd2 Be5 50. Nd5 c3 51. Rc2)
47. Rd8+ Kf7 48. Nd5 Rc6 49. Nb4 Rg6 50. h3 a5 51. Nc2 Re6 52. Rd2 Bf6 53. Kf3
Be7 54. Rd4 b5 55. Rd5 Rh6 56. Kg3 Bh4+ 57. Kf4 Rf6+ 58. Ke3 Rf2 59. Nd4 Rxa2
60. Rf5+ Kg6 61. Nxb5 Rh2 62. Kd4 Rxh3 63. Kxc4 Bf6 64. Nd6 a4 65. Ne4 Be7 66.
Ra5 Re3 67. Ra6+ Kf7 68. Kd4 Ra3 69. g5 Ra1 70. g6+ Kg8 71. Ra7 Bh4 72. Ke5 a3
73. Nf6+ Bxf6+ 74. Kxf6 Rf1+ 1/2-1/2

[Event "TP 40 Züge 2 Stunden"]
[Site "?"]
[Date "2009.??.??"]
[Round "?"]
[White "MM V 10 MHz, Mephisto"]
[Black "Atlanta, Mephisto"]
[Result "0-1"]
[WhiteElo "2060"]
[BlackElo "2195"]
[Annotator "Thomas Jaeger"]
[PlyCount "95"]
[EventDate "2009.??.??"]

1. e4 e5 2. Nf3 Nf6 3. d4 Nxe4 4. Bd3 d5 5. Nxe5 Bd6 6. O-O O-O 7. Nd2 {nicht
c4 wei gegen den Milano} Bxe5 8. dxe5 Nc5 9. Nb3 Nbd7 10. f4 c6 11. Be2 Nxb3
12. axb3 Qb6+ 13. Kh1 Re8 14. Bd2 Qd4 15. Qc1 Qb6 16. Ba5 Qc5 17. b4 Qe7 18. b5
c5 19. Qd2 d4 20. Bf3 f6 21. Bd5+ Kh8 22. e6 Nf8 23. f5 Qd6 24. Bf3 Rb8 25. b4
{? das bringt Schwarz wieder ins Spiel} (25. Bh5 Re7 26. Qd3 Nxe6 27. fxe6 Bxe6
28. Be1 {MM V sollte gewinnen}) 25... c4 26. Bh5 Re7 27. Rf4 Bxe6 28. Rxd4 Qe5
29. Qf4 {?} Bxf5 30. b6 axb6 31. Bxb6 Ra8 32. Rc1 Qe1+ 33. Qf1 Qxf1+ 34. Rxf1
Bxc2 35. Bc5 Rd7 36. Bf3 Rxd4 {[%emt 0:00:00]} 37. Bxd4 Ne6 38. Bg1 Bb3 39. Re1
c3 40. Bxb7 Rb8 {Rest in 60 min} 41. Rc1 c2 42. Be4 Nf4 43. Bc5 {?} (43. Bxc2
Bd5 44. h4 Rxb4 45. Bf5 Bxg2+ 46. Kh2 Bb7 47. Bc5 Rb2+ 48. Rc2) 43... Re8 44.
Bxc2 Ne2 45. Bxb3 Nxc1 46. Bc4 Re1+ 47. Bg1 Re4 48. Ba6 0-1

[Event "TP 40 Züge 2 Stunden"]
[Site "?"]
[Date "2009.??.??"]
[Round "?"]
[White "Milano Pro, Mephisto"]
[Black "MM V 10 MHz, Mephisto"]
[Result "0-1"]
[WhiteElo "2153"]
[BlackElo "2060"]
[Annotator "Thomas Jaeger"]
[PlyCount "94"]
[EventDate "2009.??.??"]

1. d4 e6 2. c4 d5 3. Nf3 Nf6 4. Bg5 Be7 5. cxd5 exd5 6. Nc3 {letzter Buchzug
Mp MMV war nach cd5 aus dem Buch, mit c6 aber wieder drin} c6 {letzter Buchzug}
7. e3 Bg4 8. Qb3 b6 {?! Weiß steht jetzt sehr gut nach Se5} 9. Ne5 Bf5 10. Ba6
{?! seltsam aber interessant} Nxa6 11. Nxc6 Qd6 {!} 12. Nxe7 Kxe7 13. Nxd5+ Ke8
14. Bxf6 gxf6 15. O-O Rg8 {gut, erst ganz spät von Ld7 umgeschwenkt Weiß hat 2
Bauern und bessere Stellung für die Figur} 16. Rfd1 {Mp 0,00} Rc8 {Hier war
lange das bessere Le4 die HV MMV + 0, 87} 17. Rac1 Nc7 18. Nf4 a6 {?! es ist
fraglich, ob Schwarz jetzt noch besser steht. K sollte über f8 nach g7} 19. a3
Rg7 20. Nh5 Rg6 21. Ng3 Bd7 22. e4 Nb5 23. Rxc8+ Bxc8 24. Qe3 Bg4 25. Rd2 Qc7
26. Qe1 Bd7 27. Rd1 Qc2 28. Rd2 Qc4 29. Kh1 Rh6 30. Qd1 Nd6 31. b3 Qe6 32. Qb1
f5 33. e5 Ne4 34. Nxe4 fxe4 35. Qd1 Bc6 36. Kg1 Bd5 37. b4 Rg6 38. g3 Rh6 39.
Qe2 Qh3 40. f3 exf3 {Rest in 60 min - aber es ist für Weiß vorbei} 41. Qxa6 f2+
42. Rxf2 Qxg3+ 43. Kf1 Qc3 44. Qb5+ Bc6 45. Qa6 Bf3 46. Re2 Bxe2+ 47. Qxe2 Qxd4
0-1